| 000 | 00560nab a2200193 a 4500 | ||
|---|---|---|---|
| 005 | 20210219155405.0 | ||
| 008 | 991125s1985 mx 000 0 spa u | ||
| 035 | _aUPN01000144318 | ||
| 100 | 1 | _aBarba Morales, Mónica de los Dolores | |
| 222 | _aPALABRAS HABITADAS | ||
| 245 | _aCorrientes pedagógicas contemporáneas | ||
| 260 | _aAguascalientes, México | ||
| 300 | _a5-20 | ||
| 362 | 0 | _a2003 Año 1, no. 1, sept.-dic. | |
| 653 | 0 | _aPRACTICA DOCENTE | |
| 653 | 0 | _aCONSTRUCTIVISMO | |
| 653 | 0 | _aPROCESO ENSEÑANZA-APRENDIZAJE | |
| 905 | _aArticulo | ||
| 999 |
_c116465 _d116465 |
||